Normal view
MARC view
- Qasim Mansoor
Entry Personal Name
001 - CONTROL NUMBER
- control field: 92198
003 - CONTROL NUMBER IDENTIFIER
- control field: NUST
005 - DATE AND TIME OF LATEST TRANSACTION
- control field: 20220702173855.0
008 - FIXED-LENGTH DATA ELEMENTS
- fixed length control field: 220702|| aca||aabn | a|a d
040 ## - CATALOGING SOURCE
- Original cataloging agency: NUST
- Transcribing agency: NUST
100 ## - HEADING--PERSONAL NAME
- Personal name: Qasim Mansoor
670 ## - SOURCE DATA FOUND
- Source citation: Work cat.: (NUST)9341: Qasim Mansoor, Selective Dissemination: Using S4 as a routing protocol in wireless sensor networks [Project BICSE2], 2008.
